| 000 | 00587cam a2200169 4500 | ||
|---|---|---|---|
| 082 | 0 | 0 |
_a627 _bNEK _cL-22, P-31 |
| 100 | 1 |
_aNekrasov, Boris Borisovich. _944195 |
|
| 245 | 1 | 0 |
_aHydraulics for aeronautical engineers _c[by] B. Nekrasov. [Translated from the Russian by V. Talmy] |
| 260 |
_aMoscow, _bMir Publishers, _c1969. |
||
| 300 |
_a274 p. _billus. _c22 cm. |
||
| 500 | _aTranslation of Gidravlika (romanized form) | ||
| 526 |
_a0 _b0 _c0 _d627_000000000000000_NEK |
||
| 650 | 0 |
_aAirplanes _xHydraulic equipment. _944196 |
|
| 650 | 0 | _aHydraulics. | |
| 650 | 0 |
_aMCE _9379 |
|
| 942 |
_2ddc _cBK |
||
| 999 |
_c548015 _d548015 |
||